000 00647nam a22002417a 4500
003 UA-OsUOA
001 54049
007 ta
008 20080519b un ||||| |||| 00| 0 ukr d
090 _a26(091)
_bК56
942 _cBK
040 _aUA-OsUOA
_bukr
_cUA-OsUOA
_dUA-OsUOA
245 _aКовчег
_bНауковий збірник із церковної історії
300 _a570 с.
955 _a1
041 _aukr
080 _a26(091)
020 _a966-7034-26-7
260 _aЛьвів
_bІІЦЛБА
_c2001
246 3 1 _a3
_n
650 7 _a26 Християнська Церква загалом
_2UDC
999 _c340135
_d340135